000 01036nam a2200301 a 4500
001 vtls001209803
003 NLI
005 20210603165116.0
008 120328s1939 ii s000 0 eng
020 _c5annas
039 9 _y201203281957
_zVLOAD
040 _aNLI
_beng
_cDatasoft_IOD
_eAACR2
041 0 _aeng
044 _a ii
082 0 4 _a347.91
110 1 _aProvince of Oudh (India ,British).
_bChief Court
_9645698
245 1 0 _aNote of the administration of civil justice in the Province of Oudh
_f1938 :
_bduring the calender year ending December 31 1938 /
_cChief Court Province of Oudh(India ,British)
260 _aAllahabad :
_bSuperintendent Printing and Stationery.,
_c1939
300 _aVarious page :
_bfol. ;
_c23 cm.
500 _aGovernment publication
500 _aWith statement
650 0 _aJudicial statistics
_zIndia
_zNorth-western provinces
_9647338
887 _a
901 _aIMP10757 date
_b10.11.2009
902 _aGP 347.91(5426)Ut8(1938)
942 _2ddc
_cBKS
999 _aVIRTUA40
_c514346
_d514346